Rekonštrukcia predajne potravín na verejnú knižnicu

Saved in:
Bibliographic Details
Main Author: Mlynarovič, Michal (Author)
Other Authors: Bosák, Lukáš (Thesis advisor)
Format: Manuscript Book
Language:Slovak
Published: 2025
Subjects:
Online Access:http://is.stuba.sk/zp/portal_zp.pl?podrobnosti=186498
CRZP
Tags: Add Tag
No Tags, Be the first to tag this record!

MARC

LEADER 00000ntm a22000003a 4500
001 stuzp104526
003 SK-STU
005 20250729142354.2
007 ta
008 150427s2015----xo-----f-mn---000-0-slo-d
040 |a STU  |b slo 
041 0 |a slo 
100 1 |a Mlynarovič, Michal  |u 010180  |4 aut  |U SvF Stavebná fakulta  |T SvF Katedra konštrukcií pozemných stavieb  |X 103943  |U V180  |Y 18  |7 103943 
242 0 1 |a Reconstruction of a Grocery Store Into a Public Library  |y eng 
245 1 0 |a Rekonštrukcia predajne potravín na verejnú knižnicu 
260 |c 2025 
650 4 |a Reinforced concrete frame  |2 eng 
650 4 |a Library  |2 eng 
650 4 |a Reconstruction  |2 eng 
650 4 |a Železobetónový skelet  |2 slo 
650 4 |a Knižnica  |2 slo 
650 4 |a Rekonštrukcia  |2 slo 
700 1 |a Bosák, Lukáš  |u 010180  |k Z1  |4 ths  |U SvF Stavebná fakulta  |T SvF Katedra konštrukcií pozemných stavieb  |X 57762  |U V180  |Y 18  |7 A000057762 
856 4 |u http://is.stuba.sk/zp/portal_zp.pl?podrobnosti=186498 
856 4 |u https://opac.crzp.sk/?fn=detailBiblioForm&sid=226A7A544DA3649F685933E9F6D0  |z CRZP